Los nombres del león (Record no. 17914)

MARC details
000 -LEADER
campo de control de longitud fija 00804nam a2200229 i 4500
001 - NÚMERO DE CONTROL
campo de control 17914
003 - IDENTIFICADOR DE NÚMERO DE CONTROL
campo de control ES-MaACL
005 - FECHA Y HORA DE LA ÚLTIMA TRANSACCIÓN
campo de control 20230906151720.0
007 - CAMPO FIJO DE DESCRIPCIÓN FÍSICA--INFORMACIÓN GENERAL
campo de control de longitud fija t|
008 - DATOS DE LONGITUD FIJA--INFORMACIÓN GENERAL
campo de control de longitud fija 010620s2000 sp ||||1| spa d
020 ## - NÚMERO INTERNACIONAL ESTÁNDAR DEL LIBRO
Número Internacional Estándar del Libro 84-7731-354-7
080 ## - NÚMERO DE LA CLASIFICACIÓN DECIMAL UNIVERSAL
Número de la Clasificación Decimal Universal 929(460.181)"19"(047.53)
245 04 - MENCIÓN DEL TÍTULO
Título Los nombres del león
Resto del título : conversaciones con leoneses imprescindibles /
Mención de responsabilidad, etc. José Antonio Martínez Reñones.
260 ## - PUBLICACIÓN, DISTRIBUCIÓN, ETC.
Lugar de publicación, distribución, etc. Astorga (León) :
Nombre del editor, distribuidor, etc. Ediciones del Lobo Sapiens,
Fecha de publicación, distribución, etc. [2000]
300 ## - DESCRIPCIÓN FÍSICA
Extensión 359 p. :
Otras características físicas il. ;
Dimensiones 24 cm.
490 1# - MENCIÓN DE SERIE
Mención de serie Colección de ensayo y pensamiento ;
Designación de volumen o secuencia 1
650 14 - PUNTO DE ACCESO ADICIONAL DE MATERIA--TÉRMINO DE MATERIA
Término de materia o nombre geográfico como elemento de entrada Leoneses-
Subdivisión de forma Entrevistas.
9 (RLIN) 14371
700 1# - ENTRADA AGREGADA--NOMBRE PERSONAL
Nombre de persona Martínez Reñones, José Antonio.
9 (RLIN) 78351
830 0# - PUNTO DE ACCESO ADICIONAL DE SERIE-TÍTULO UNIFORME
Título uniforme Colección de ensayo y pensamiento ;
Designación de volumen o secuencia 1
9 (RLIN) 228753
852 ## - LOCALIZACIÓN
Ubicación ES-MaACL
Número de control de estantería L-24719
Sublocalización o colección R.129814
Holdings
Estatus retirado Estado de pérdida Estado de daño No para préstamo Biblioteca de origen Biblioteca actual Ubicación en estantería Fecha de adquisición Fuente de adquisición Total de préstamos Signatura topográfica completa Código de barras Visto por última vez Precio de reemplazo Tipo de ítem Koha
        Biblioteca del Ateneo de Madrid Biblioteca del Ateneo de Madrid Depósito 2 17/01/2008     L-24719 1018296 23/02/2023 23/02/2023 Libro impreso